000 00575nam a2200217Ia 4500
003 GCL
008 140319s9999 xx 000 0 eng d
020 _a185715133X
040 _aGCL /
_cGCL
082 0 4 _a823
_bN L
100 1 _aNABOKOV, VLADIMIR
245 1 0 _aLOLITA /
_cNABOKOV, VLADIMIR
700 1 _aAMIS, MARTIN
260 _aانجلترا :
_bEVERYMAN'S LIBRARY ،
_c1992
300 _a21 CM ؛
_cXXXI, 335 P
490 _aTHE MILLENNIUM LIBRARY
_v133
650 0 4 _aENGLISH LITERATURE
650 0 4 _aLITERATURE
650 0 4 _aENGLISH FICTION
942 _2ddc
_cBK
999 _c5383
_d5383